Geografía de España por letra - C - Estadísticas

Estadísticas generales
  • Esta prueba ha sido intentada 79 veces
  • La puntuación promedio es 12 de 20
Estadísticas de respuestas
Pista Respuesta % Correcto
Barcelona, Gerona, Lérida y Tarragona Cataluña
100%
Conjunto de islas del Atlántico Canarias
99%
Ciudad autónoma Ceuta
91%
Segunda y tercera provincias más extensos de España Cáceres
85%
Mar litoral del golfo de Vizcaya Cantábrico
82%
Conjunto de rutas de peregrinación cristiana hacia a la tumba de un apóstol Camino de Santiago
79%
Formación de tierra, p. ej., la Brava, Blanca o del Sol Costa
72%
Bahía cuyos municipios limítrofes incluyen Rota y Puerto Real Cádiz
69%
Región histórica en el centro de la península ibérica Castilla
69%
Segunda y tercera provincias más extensos de España Ciudad Real
69%
División de primer nivel Comunidad Autónoma
57%
Parroquia asturiano donde la primera batalla de la Reconquista tuvo lugar Covadonga
53%
Archipiélago situado en la ría de Vigo Cíes, Islas
49%
Denominación para municipio en Galicia Concello
47%
División territorial entre municipio y provincia Comarca
40%
Ciudad fundada como Qart Hadasht en el año 227 a. C. Cartagena
38%
Ciudad alicantina costera cuyo nombre en valenciano tiene 4 letras Calpe
35%
Ciudad que dio nombre a una orden militar española y un Campo Calatrava
16%
Territorio catalán histórico dividido entre Francia y España Cerdaña
13%
Sierra o macizo al lado de la ciudad de Barcelona Collserola
7%
No se encontraron pruebas coincidentes
Distribución de puntuación
Porcentaje de gente con cada puntuación
Porcentaje por número respondido
Historial de tus puntuaciones
No has intentado esta prueba.